| 000 | 00890nam a22002177a 4500 | ||
|---|---|---|---|
| 999 |
_c18419 _d18419 |
||
| 003 | AR-CdUCM | ||
| 008 | 190514b ||||| |||| 00| 0 spa d | ||
| 040 |
_aMUNICIPALIDAD PROVINCIAL DEL CUSCO _cBIBLIOTECA MUNICIPAL DEL CUSCO |
||
| 082 |
_a396 / _bI37 |
||
| 245 | _aIgualdad de la mujer / | ||
| 260 |
_aMéxico : _bConsejo Nacional de Población, _c1975. |
||
| 300 |
_a157 páginas ; _bilustraciones, _c19 cm. |
||
| 500 | _aAño internacional de la mujer. | ||
| 505 | _aContenido: Plena igualdad -- El C. secretario de gobernación -- Igualdad jurídica e igualdad de hecho -- Heronias de la historia -- Mujeres revolucionarias -- La mujer en la edificación del México moderno ... | ||
| 650 |
_aMujer _9143 |
||
| 650 |
_aIgualdad _92595 |
||
| 650 |
_aDerechos _96548 |
||
| 710 |
_aConsejo Nacional de Población - México _938992 |
||
| 942 |
_2ddc _cLIBROS |
||
| 945 |
_aachl _d2019-05-14 |
||